00806 2200289 4500001002100000005001500021035002000036007000300056008004100059100002300100245004800123250001000171300005100181020002200232082000800254084001400262090001400276260003700290600002300327700003100350850001000381990002500391990002500416990002500441990002500466990002500491INLIS00000000000186120260603012517 a0010-0120000304ta260603 1  aRedaksi Super Kids1 aDinosaurus Super Seru /cRedaksi Super Kids acet.1 a31 hlm. :bilus. ;c18 cmeBibliografi, hlm 32 a978-602-1142-19-6 a590 a590 DIN r a590 DIN r aYogyakarta :bShira Media,c2014 4aIlmu Tentang Hewan0 aEditor: Redaksi Super Kids aPUPAD a31.049/APBD/DPK/2019 a31.050/APBD/DPK/2019 a31.051/APBD/DPK/2019 a31.052/APBD/DPK/2019 a31.051/APBD/DPK/2019